Sports Quiz

Random Sports or Clickable Quiz

NBA Players Match Series: Active Extreme Quiz Stats

 Plays Quiz not verified by Sporcle

Support Sporcle.
Go Orange.
Score 0/15 Timer 02:00
0 Plays Today
% Correct
Bismack
88.3%
Festus
87.2%
Jusuf
82.7%
Mario
80.1%
Archie
73%
Marcelo
70.9%
Lucas
63.8%
Nemanja
61.2%
% Correct
Spencer
60.2%
Sasha
57.7%
Salah
51.5%
Damjan
46.4%
Walter
45.9%
Tibor
39.8%
Jarell
29.6%

You're not logged in!

Compare scores with friends on all Sporcle quizzes.
OR
Log In

From the Vault

'R' Film Characters

by druhutch

'R' names are more than a fad because they're so rad and we're not even mad.
Remove Ads.
Support Sporcle.
Get the best of Sporcle when you Go Orange. This ad-free experience offers more features, more stats, and more fun while also helping to support Sporcle. Thank you for becoming a member.

Show Comments

Extras

Top Quizzes Today


Score Distribution

Your Account Isn't Verified!

In order to create a playlist on Sporcle, you need to verify the email address you used during registration. Go to your Sporcle Settings to finish the process.

Report this User

Report this user for behavior that violates our Community Guidelines.

Details: